Laufey - Magnolia - Statistics

General Stats
  • This quiz has been taken 20 times
  • The average score is 123 of 155
Answer Stats
Answer % Correct
a
100%
A
100%
be
100%
doesn't
100%
girl
100%
have
100%
her
100%
I
100%
Magnolia
100%
she
100%
She
100%
the
100%
anyone
90%
castle
90%
cloud
90%
could
90%
in
90%
know
90%
prettiest
90%
that
90%
world
90%
and
80%
Born
80%
for
80%
is
80%
just
80%
on
80%
To
80%
when
80%
wish
80%
from
70%
golden
70%
gown
70%
of
70%
only
70%
think
70%
turning
70%
with
70%
word
70%
around
60%
can
60%
compete
60%
eyes
60%
Floats
60%
How
60%
kiss
60%
lips
60%
move
60%
oceans
60%
Perfection
60%
sirens
60%
skies
60%
Stars
60%
town
60%
Will
60%
you
60%
Beautiful
50%
ease
50%
everyone
50%
fun
50%
handpicked
50%
into
50%
it'd
50%
like
50%
rivers
50%
send
50%
someday
50%
straight
50%
away
40%
But
40%
cannot
40%
give
40%
secrets
40%
she'd
40%
soul
40%
abyss
30%
Enchants
20%
No matching quizzes found
Score Distribution
Percent of People with Each Score
Percentile by Number Answered
Your Score History
You have not taken this quiz